1700 1149 1844 1605 1350 1120 1610 1888 1153 1062 1917 1185 1029 1003 1354 1571 1812 1033 1665 1546 1567 1804 1342 1839 1487 1907 1453 1735 1782 1496 1739 1190 1787 1205 1864 1466 1417 1608 1961 1255 1348 1851 1253 1283 1322 1171 1846 1612 1586 1083 1568 1880 1819 1744 1935 1226 1160 1084 1662 1449 1146 1045 1981 1624 1473 1015 1256 1025 1382 1855 1769 1600 1157 1343 1051 1803 1411 1190 1504 1959 1522 1018 1869 1854 1813 1568 1789 1511 1853 1766 1645 1102 1416 1448 1107 1898 1381 1408 1960 BCNSPRNW ULIB Ver.6.0+V

เปลี่ยนเป็นภาษาไทย

Change to English
 แสดงรายละเอียดบรรณานุกรม
  กลับหน้าหลัก

Brief Record : Get Marc (ISO 2709) : E-mail record : QR code < ปิดหน้าต่าง
LEADER : 00000nam 2200000uu 4500
001    13399126142
003     ULIB
008    180612s2016||||th 000 0 tha d
020    ^a9781316503966
050 00 ^aPE1128^bC172^cV.11
245 10 ^aCambridge practice tests for IELTS 11
260    ^aCambridge :^bCambridge University Press,^c2016
300    ^a144 p.:^bill. ;^c25 cm.
650 00 ^aInternational English Language Testing System.
650 00 ^aEnglish language^xExaminations, questions, etc.
650 00 ^aEnglish language^xTextbooks for foreign speakers
945    ^p530^l0^i004238
999    ^aวรรณษา ชูชัยมงคล
รายการนี้ยังไม่มีแท็ก
คุณยังไม่ได้ล็อกอิน คุณสามารถมีกิจกรรมร่วมกับเว็บไซต์ได้ แต่ต้องล็อกอินก่อน ::
  ล็อกอิน

รายการสื่อสารสนเทศ

ลำดับที่ ประเภท เลขเรียก/บาร์โค้ด สถานที่ สถานะ
1. วิทยาศาสตร์การแพทย์ และสุขภาพ
หนังสือสำรอง
สถานะ=หนังสือสำรอง
PE1128 C172 V.11 ฉ.1 
  Barcode: 004238
ห้องสมุดวิทยาเขตสวรรค์ประชารักษ์
►หนังสือทั่วไป
บนชั้น

รายการใกล้เคียง
    ชื่อเรื่อง [Cambridge practice tests for IELTS 11]

    หัวเรื่อง [International English Language Testing System.]

BibComment


ยังไม่เคยถูกคอมเมนท์

คอมเมนท์ทรัพยากรรายการนี้
  คอมเมนท์: Cambridge practi..


 Copyright 2026. Bcnsprnw @Library